000 00446nam a22001817a 4500
005 20260117164255.0
008 260117b |||||||| |||| 00| 0 eng d
020 _a978 93 325 5847 2
050 _aHF 5415.K68 2016
100 _aKOTLER PHILP
245 _aPRINCIPLES OF MARKETING
250 _a5TH ED
260 _aINDIA
_bPEARSOS
_c2016
300 _aV111,732P.
500 _aINCLUDES AN INDEX
650 _aMARKETING
942 _2lcc
_cBK
999 _c216474
_d216474